Building code of Pakistan - 2021 (Record no. 594496)
[ view plain ]
| 000 -LEADER | |
|---|---|
| fixed length control field | 00253nam a22001097a 4500 |
| 020 ## - INTERNATIONAL STANDARD BOOK NUMBER | |
| International Standard Book Number | 978-969-23159-2-0 |
| 040 ## - CATALOGING SOURCE | |
| Original cataloging agency | dlc |
| Transcribing agency | dlc |
| Modifying agency | dlc |
| 082 ## - DEWEY DECIMAL CLASSIFICATION NUMBER | |
| Classification number | 954.91 |
| Author Mark | BUI |
| 245 ## - TITLE STATEMENT | |
| Title | Building code of Pakistan - 2021 |
| 260 ## - PUBLICATION, DISTRIBUTION, ETC. | |
| Place of publication, distribution, etc. | PEC |
| Name of publisher, distributor, etc. | PEC |
| Date of publication, distribution, etc. | 2021 |
| 942 ## - ADDED ENTRY ELEMENTS (KOHA) | |
| Source of classification or shelving scheme | |
| Koha item type | Book |
| Withdrawn status | Lost status | Source of classification or shelving scheme | Damaged status | Not for loan | Permanent Location | Current Location | Date acquired | Total Checkouts | Full call number | Barcode | Date last seen | Date last checked out | Price effective from | Koha item type |
|---|---|---|---|---|---|---|---|---|---|---|---|---|---|---|
| School of Civil and Environmental Engineering (SCEE) | School of Civil and Environmental Engineering (SCEE) | 04/13/2023 | 1 | 954.91 BUI | NIT-13677 | 03/27/2024 | 03/27/2024 | 04/13/2023 | Book |
